The court and the cross (Record no. 14482)
[ view plain ]
| 000 -LEADER | |
|---|---|
| fixed length control field | 01962nam a2200349 a 4500 |
| 082 04 - DEWEY DECIMAL CLASSIFICATION NUMBER | |
| Classification number | 342.7308/52 |
| 100 1# - MAIN ENTRY--AUTHOR NAME | |
| Personal name | Lane, Frederick S., |
| 245 14 - TITLE STATEMENT | |
| Title | The court and the cross |
| 260 ## - PUBLICATION, DISTRIBUTION, ETC. (IMPRINT) | |
| Place of publication | Boston : |
| Name of publisher | Beacon Press, |
| Year of publication | c2008. |
| 300 ## - PHYSICAL DESCRIPTION | |
| Number of Pages | xvii, 263 p. |
| 505 0# - FORMATTED CONTENTS NOTE | |
| Formatted contents note | Judicial review : putting the "Supreme" in Supreme Court -- "In God we trust" : the push to declare America a Christian nation -- God's farm team : the growing evangelical educational system -- Advice and consent : the cross-examination of Supreme Court Nominees -- The first freedom : separation of church and state -- Roy's rock : the battle over public display of religious symbols -- Of pandas and prayer : religion in the public schools -- Cubicle faith : religion in the workplace -- The last freedom : the right to privacy -- The culture of life : three pyhrric victories for the religious right. |
| 650 #0 - SUBJECT ADDED ENTRY--TOPICAL TERM | |
| Topical Term | Church and state |
| Topical Term | Freedom of religion |
| Topical Term | Religious right |
| 856 40 - ELECTRONIC LOCATION AND ACCESS | |
| Uniform Resource Identifier | http://site.ebrary.com/lib/rucke/Doc?id=10256097 |
No items available.
